|
|
|
|
| LEADER |
00909nab a2200217 i 4500 |
| 001 |
tort136 |
| 005 |
20220111143301.0 |
| 008 |
220111s1997 hu o 0|| zxx d |
| 022 |
|
|
|a 0133-0500
|
| 040 |
|
|
|a PEREPO TORTENET
|b hun
|
| 041 |
|
|
|a zxx
|
| 245 |
0 |
0 |
|a Zalai kézikönyv
|h [elektronikus dokumentum] :
|b Teljes adattár készül az idén a megyéről
|
| 260 |
|
|
|a Zalai Hírlap Kiadói Bt.
|b Zalaegerszeg, Magyarország
|c 1997-05-17
|
| 300 |
|
|
|a 1-3
|
| 300 |
|
|
|a A cikk az első és a harmadik oldalon található.
|
| 490 |
0 |
|
|a Zalai Hírlap
|v 53 No. 114
|
| 695 |
|
|
|a Hóbor József
|
| 695 |
|
|
|a CEBA Településfejlesztési Információs Rendszer Programiroda
|
| 695 |
|
|
|a helytörténet
|
| 695 |
|
|
|a Zala megye
|
| 856 |
4 |
0 |
|u https://perepo-tortenet.uni-pannon.hu/id/eprint/136/1/1997-05-17_zalai_h%C3%ADrlap_Zalai%20k%C3%A9zik%C3%B6nyv%20%2853.%20%C3%A9vf.%20114.%20sz.%2C%20p.%201.%29.pdf
|z Dokumentum-elérés
|